Statistics for Summer Olympic Sports by Symbol

Click here to take the quiz!

General Stats

  • This quiz has been taken 103 times
    (94 since last reset)
  • The average score is 24 of 48

Answer Stats

Answer% Correct
{Fencing}
97%
{Tennis}
92%
{Sailing}
77%
{Basketball}
76%
{Table} {Tennis}
74%
{Athletics}
73%
{Surfing}
70%
{Golf}
69%
{Skateboarding}
69%
{Archery}
68%
{Football}
68%
{Shooting}
68%
Volleyball -
{Beach}
68%
{Weightlifting}
68%
{Triathlon}
66%
Aquatics -
{Diving}
65%
Aquatics -
{Water} {Polo}
65%
{Field} {Hockey}
65%
{Rugby} {Sevens}
65%
3x3 {Basketball}
64%
{Badminton}
62%
{Boxing}
61%
{Rowing}
61%
Sport {Climbing}
53%
{Judo}
51%
{Taekwondo}
50%
Aquatics -
{Swimming}
49%
Equestrian -
{Jumping}
42%
{Handball}
41%
{Rhythmic} Gymnastics
41%
Aquatics -
{Marathon} {Swimming}
39%
Modern {Pentathlon}
39%
Cycling -
{B}{M}{X} {Freestyle}
36%
Cycling -
{Mountain} {Bike}
36%
{Trampoline} Gymnastics
35%
Equestrian -
{Dressage}
32%
Volleyball -
{Indoor}
32%
Wrestling -
{Greco}-{Roman}
32%
Canoe {Slalom}
28%
Cycling -
{Track}
28%
Cycling -
{Road}
26%
{Breaking}
20%
Wrestling -
{Freestyle}
19%
Aquatics -
{Artistic} {Swimming}
18%
{Artistic} Gymnastics
15%
Canoe {Sprint}
15%
Cycling -
{B}{M}{X} {Racing}
9%
Equestrian -
{Eventing}
7%

Score Distribution

Percentile by Number Answered

Percent of People with Each Score

Your Score History

You have not taken this quiz since the last reset